00856nam a2200253Ia 4500008004100000020002000041040001400061082002100075100001900096245003800115260003600153300001100189365002600200366000800226505002200234530003000256620006200286630003800348650001500386730003800401942000900439999001900448952013500467100315s9999 xx 000 0 und d a9788187111498  cENGLISH  b9676 a336.24  a"Metha, N.V. " aIncome Tax Ready Reckoner 2004-05 aMUMBAI bShri Kuber  c2005  a352   eRupees d1 b0.00  f0  gVaibhav Gaikwad  bDonated By RBI Library   a"Income Tax Ready Reckoner 2004-05, Taxation, RBI Book " aIncome Tax Ready Reckoner 2004-05 aTaxation  aIncome Tax Ready Reckoner 2004-05 cBOOK c484410d484407 00104070aVPMBRIMSbVPMBRIMSd2009-06-30g0.00l0o336.24 /MET  9676 pVPMBRIMS-9676 r2010-03-19 00:00:00w2010-03-19yBOOK